Reakcie zlúčenín síry pri elektrolytickej výrobe hliníka
Guardado en:
| Autor principal: | |
|---|---|
| Formato: | Libro |
| Lenguaje: | eslovaco |
| Publicado: |
Bratislava
STU FCHPT
2006
|
| Acceso en línea: | Ver en el OPAC |
| Etiquetas: |
Sin Etiquetas, Sea el primero en etiquetar este registro!
|
MARC
| LEADER | 00000nam a2200000 a 4500 | ||
|---|---|---|---|
| 005 | 20260127134138.0 | ||
| 008 | 061005 2006 xo 000 0 slo d | ||
| 035 | |a vtls008852480 | ||
| 039 | 9 | |y 200610051146 |z mschk03 | |
| 040 | |a STUSCHK1 |b slo |c STUSCHK1 |e AACR2 | ||
| 100 | 1 | |a Ambrová, Marta | |
| 245 | 1 | |a Reakcie zlúčenín síry pri elektrolytickej výrobe hliníka | |
| 260 | |a Bratislava |b STU FCHPT |c 2006 | ||
| 300 | |a 124 s. príloha | ||
| 500 | |a Obháj.: 25.4. 2006 | ||
| 500 | |a 28-02-9 anorganická technológia a materiály | ||
| 500 | |a dizertačná práca | ||
| 910 | |a SCHK95 | ||
| 999 | |c 5137 |d 5137 | ||